=LDR 00000nam 2200000 4500 =001 INLIS000000000039256 =005 20150411101326.0 =006 =007 =008 Ind =035 ##$$0010-061300000039256 =041 ##$$a Ind =082 ##$$a 567.91 =090 ##$$a 567.91, Mcc b =100 ##$$a Mccall, Gerrte =245 ##$$a Buku Pintar Dinosaurus dari Allosaurus Sampai Tyrannosaurus, Gerrie Mccall ; Alih Bahasa, Alexander Sindoro : Editor, Lindon Saputra =260 ##$$a 2007 $b Jakarta =300 ##$$a 312 Hlm, 20 Cm =700 ##$$a Saputra, Lindon =850 ##$$a NBPNMAT =990 ##$$a 0001/BPAP-NTB/2015